000 01115nam a22002657a 4500
999 _c61074
_d61074
003 Ge_BSU
005 20231213151350.0
008 231213s2015 ge ||||| |||| 00| 0 geo d
020 _a9789941459078
041 _ageo
080 _a747(042.4)+635.91(042.4) ბ-48
100 _aბენიძე, ე.
_920708
245 _aფიტოდიზაინი :
_bლექციების კურსი /
_cე. ბენიძე, ი. ოჩხიკიძე, ქ. ქუთელია; აწსუ.
264 _aქუთაისი:
_bაწსუ,
_c2015.
300 _a197 გვ. :
_bილ.;
_c28 სმ.
501 _aდანართი გვ. 187-192
504 _aბიბლიოგრ. გვ. 193
653 _aფიტოდიზაინი
653 _aპრაქტიკული ფლორისტიკა
653 _aტერარიუმი
700 _aოჩხიკიძე, ი.
_eავტორი
_920709
700 _aქუთელია, ქ.
_eავტორი
_920710
710 _aაწსუ.
_915267
942 _2udc
_cᲬᲘᲒᲜᲘ